Southville International School and Colleges
Your cart is empty.
  • Cart
  • Lists
    Public lists Eva Luna New books Lux_list list_1
    Your lists Log in to create your own lists
  • Log in to your account
  • Your cookies
  • Search history
Southville International School and Colleges
  • Advanced search
  • Recent comments
  • Most popular
  • Libraries

Log in to your account

Log in with GOOGLE


If you do not have an external account, but do have a local account, you can still log in:

  1. Home
  2. MARC view: The Anvil guide to research paper writing :
Normal view MARC view ISBD view

The Anvil guide to research paper writing : (Record no. 283918)

[ view plain ]
MARC details
000 -LEADER
fixed length control field 00871nam a2200229 4500
003 - CONTROL NUMBER IDENTIFIER
control field PILC
005 - DATE AND TIME OF LATEST TRANSACTION
control field 20150508161832.0
008 - FIXED-LENGTH DATA ELEMENTS--GENERAL INFORMATION
fixed length control field 030815s2003 ph 000|0 eng
020 ## - INTERNATIONAL STANDARD BOOK NUMBER
International Standard Book Number 9712712664
050 00 - LIBRARY OF CONGRESS CALL NUMBER
Classification number PE1478
Item number .M35 2003
100 1# - MAIN ENTRY--PERSONAL NAME
Personal name Manlapaz, Edna Zapanta,
Dates associated with a name 1943-
245 14 - TITLE STATEMENT
Title The Anvil guide to research paper writing :
Remainder of title a step-by-step guide /
Statement of responsibility, etc Edna Zapanta Manlapaz, Ma. Eloisa N. Francisco, Romeo L. Manlapaz.
250 ## - EDITION STATEMENT
Edition statement 3rd ed.
260 ## - PUBLICATION, DISTRIBUTION, ETC. (IMPRINT)
Place of publication, distribution, etc Pasig City :
Name of publisher, distributor, etc Anvil Pub.,
Date of publication, distribution, etc 2003.
300 ## - PHYSICAL DESCRIPTION
Extent xi, 233 p. :
Other physical details ill. ;
Dimensions 27 cm.
500 ## - GENERAL NOTE
General note Previously published as: The college research paper : a step-by-step guide to term paper writing for Filipino students.
650 #0 - SUBJECT ADDED ENTRY--TOPICAL TERM
Topical term or geographic name as entry element Report writing.
700 1# - ADDED ENTRY--PERSONAL NAME
Personal name Francisco, Ma. Eloisa N.
700 1# - ADDED ENTRY--PERSONAL NAME
Personal name Manlapaz, Romeo L.
740 0# - ADDED ENTRY--UNCONTROLLED RELATED/ANALYTICAL TITLE
Uncontrolled related/analytical title The college research paper.
942 ## - ADDED ENTRY ELEMENTS (KOHA)
Source of classification or shelving scheme Library of Congress Classification
Koha item type Books
Edition 3rd
Call number suffix PE1478 .M279 2003

No items available.

The Anvil guide to research paper writing :

APA

Manlapaz E. Z., Francisco M. E. N. & Manlapaz R. L. (2003). The Anvil guide to research paper writing. Pasig City: Anvil Pub.

Chicago

Manlapaz Edna Zapanta, Francisco Ma Eloisa N and Manlapaz Romeo L. 2003. The Anvil guide to research paper writing. Pasig City: Anvil Pub.

Harvard

Manlapaz E. Z., Francisco M. E. N. and Manlapaz R. L. (2003). The Anvil guide to research paper writing. Pasig City: Anvil Pub.

MLA

Manlapaz Edna Zapanta, Francisco Ma Eloisa N and Manlapaz Romeo L. The Anvil guide to research paper writing. Pasig City: Anvil Pub. 2003.

  • Print
  • Cite
  • Add to your cart (remove)
  • Save record
    BIBTEX Dublin Core MARCXML MARC (non-Unicode/MARC-8) MARC (Unicode/UTF-8) MARC (Unicode/UTF-8, Standard) MODS (XML) RIS
  • More searches
    Search for this title in:
    Other Libraries (WorldCat) Other Databases (Google Scholar) Online Stores (Bookfinder.com) Open Library (openlibrary.org)

Exporting to Dublin Core...

SOUTHVILLE LIBRARY

Southville International School and Colleges Library

1281 Tropical Ave. Cor. Luxembourg St., BF Homes International, Las Pinas City

Tel. No. 8256374 / 252358 Loc. 117/146

Powered by Koha